000 00522nam a22001575i 4500
001 52980
003 ES-MaACL
007 t|
008 950907s1884 sp ||||1| spa d
040 _aCAM
_bspa
_cCAM
100 1 _aDonnet y Pareja, Baldomero.
_945330
245 1 0 _aNociones de la teoría, cálculo y construcción de las cantidades complejas o imaginarias /
_cpor Baldomero Donnet y Pareja.
260 _aMadrid :
_b[s.n.],
_c1884 (
_fGregorio Juste)
300 _a[6], 62 p. ;
_c22 cm.
852 _aES-MaACL
_jT-558-F-2
999 _c52980
_d52980